Statistics for Top Ten [Ed Sheeran] Songs

Click here to take the quiz!

General Stats

  • This quiz has been taken 82 times
  • The average score is 7 of 10

Answer Stats

Album Answer % Correct
÷ (Divide)Shape Of You
95%
÷ (Divide)Castle On The Hill
83%
X (Multiply)Thinking Out Loud
79%
X (Multiply)Photograph
75%
X (MultiplySing
74%
+ (Plus)Lego House
68%
+ (Plus)The A Team
66%
X (Multiply)Don't
63%
X (Multiply)Bloodstream
51%
X (Multiply)I See Fire
49%

Score Distribution

Percentile by Number Answered

Percent of People with Each Score

Your Score History

You have not taken this quiz